[Mezinárodní organizace a režimy]

Na minha lista:
Detalhes bibliográficos
Autor principal: Grešš, Martin, 1978-
Formato: Capítulo de Livro
Idioma:eslovaco
Assuntos:
Tags: Adicionar Tag
Sem tags, seja o primeiro a adicionar uma tag!

MARC

LEADER 00000naa a2200000 4500
001 0129990
005 20240502072504.3
041 0 |a slo 
044 |a SK 
245 1 0 |a [Mezinárodní organizace a režimy]  |c Martin Grešš 
610 2 0 |a organizácie medzinárodné 
610 2 0 |a politika medzinárodná 
610 2 0 |a vzťahy medzinárodné 
610 2 0 |a recenzie 
100 1 |a Grešš, Martin, 1978-